<?xml version="1.0" encoding="UTF-8"?>
<record
    xmlns:xsi="http://www.w3.org/2001/XMLSchema-instance"
    xsi:schemaLocation="http://www.loc.gov/MARC21/slim http://www.loc.gov/standards/marcxml/schema/MARC21slim.xsd"
    xmlns="http://www.loc.gov/MARC21/slim">

  <leader>02220nam a2200313Ia 4500</leader>
  <controlfield tag="001">H8172</controlfield>
  <controlfield tag="003">IT-RoPAU</controlfield>
  <controlfield tag="008">130308s9999    xx            000 0 und d</controlfield>
  <datafield tag="040" ind1=" " ind2=" ">
    <subfield code="a">IT-RoPAU</subfield>
  </datafield>
  <datafield tag="040" ind1=" " ind2=" ">
    <subfield code="c">IT-RoPAU</subfield>
  </datafield>
  <datafield tag="041" ind1=" " ind2=" ">
    <subfield code="a">ITALIANO</subfield>
  </datafield>
  <datafield tag="100" ind1=" " ind2=" ">
    <subfield code="a">Giorgioni Livio</subfield>
  </datafield>
  <datafield tag="100" ind1=" " ind2=" ">
    <subfield code="g">Codice Aut. SPICS: 59250</subfield>
  </datafield>
  <datafield tag="245" ind1=" " ind2=" ">
    <subfield code="a">Grande abbuffata (La) percorsi cinematografici fra trame e ricette</subfield>
  </datafield>
  <datafield tag="245" ind1=" " ind2=" ">
    <subfield code="b">Grande Abbuffata (La) Percorsi Cinematografici Fra Trame e Ricette</subfield>
  </datafield>
  <datafield tag="250" ind1=" " ind2=" ">
    <subfield code="a">1a ed.</subfield>
  </datafield>
  <datafield tag="260" ind1=" " ind2=" ">
    <subfield code="a">CANTALUPA (TORINO)</subfield>
  </datafield>
  <datafield tag="260" ind1=" " ind2=" ">
    <subfield code="b">Effata'</subfield>
  </datafield>
  <datafield tag="260" ind1=" " ind2=" ">
    <subfield code="c">2002 [1&#xB0; Ed.:2002 - Ed.Ling.Originale:2002]</subfield>
  </datafield>
  <datafield tag="300" ind1=" " ind2=" ">
    <subfield code="a">"160 p. (prefazione: no ; testo: 160 [pagine: 0-0])"</subfield>
  </datafield>
  <datafield tag="500" ind1=" " ind2=" ">
    <subfield code="a">"Presenza cibo nel Cinema. Cinema e cibo Paradigmi Comuni. pane Amore e Fantasia, cibo nel Cinema Italiano dal dopoguerra a Oggi: nella commedia Italiana Dopoguerra; Mito Saziet&#xE0; e fame Come Principio Umoristico, toto'; Uno Sguardo All'Estero; Mito Raggiunto Abbondanza, Anni '60; cibo nel Cinema Difederico Fellini; cibo Come Istanza Nichilista, Cinema di Marco Ferreri; Incubo Saziet&#xE0; e Miraggio Dieta, Anni '70; cibo nella commedia di Paolo Villaggio; cibo nella commedia di Nanni Moretti. Simbologia cibo nel Cinema D'Autore: Pranzo di Babette; Chocolat. Una Tazza di Caffe'. fortuna cibo Italiano nel Cinema Straniero. Ricette Superstar. Cinema nel Cibo: Banchetto Rinascimentale. Un Grande Attore in Cucina. Schede: Bianca; Big Night; Chocolat; Come L'Acqua per Il Cioccolato; Il Cuoco, Il Ladro, Sua moglie e L'Amore; Delicatessen; Il fascino Discreto della Borghesia; la Febbre dell'Oro; Galline in Fuga; Les Glaneurs Et la Glaneuse; la Grande Abbuffata; Lunga Vita Alla Signora; Mangiare, Bere, Uomo, Donna; Mesto na Zemle; Monty Python, Il Senso della Vita; Pomodori Verdi Fritti Alla Fermata dell'Autobus; Il Pranzo di Babette; Pranzo Reale; Il profumo della Papaya Verde; Quei bravi Ragazzi; la Ricotta; 7 Chili in 7 Giorni; Tampopo; toto' Cerca Casa; una Vitadifficile."</subfield>
  </datafield>
  <datafield tag="650" ind1=" " ind2=" ">
    <subfield code="a">SAGGI SUL CINEMA</subfield>
  </datafield>
  <datafield tag="650" ind1=" " ind2=" ">
    <subfield code="e">Codice materia Spics: 6811</subfield>
  </datafield>
  <datafield tag="700" ind1=" " ind2=" ">
    <subfield code="a">Pontiggia FedericoRonconi Marco</subfield>
  </datafield>
  <datafield tag="700" ind1=" " ind2=" ">
    <subfield code="g">Codice Aut. SPICS: 59251Codice Aut. SPICS:  54921</subfield>
  </datafield>
  <datafield tag="942" ind1=" " ind2=" ">
    <subfield code="c">BK</subfield>
  </datafield>
  <datafield tag="957" ind1=" " ind2=" ">
    <subfield code="7">1</subfield>
  </datafield>
  <datafield tag="999" ind1=" " ind2=" ">
    <subfield code="c">93502</subfield>
    <subfield code="d">93502</subfield>
  </datafield>
  <datafield tag="999" ind1=" " ind2=" ">
    <subfield code="g">1</subfield>
  </datafield>
  <datafield tag="952" ind1=" " ind2=" ">
    <subfield code="0">0</subfield>
    <subfield code="1">0</subfield>
    <subfield code="4">0</subfield>
    <subfield code="6">H_000000000000000_8172</subfield>
    <subfield code="7">1</subfield>
    <subfield code="a">SPICS</subfield>
    <subfield code="b">SPICS</subfield>
    <subfield code="d">2013-03-08</subfield>
    <subfield code="l">0</subfield>
    <subfield code="o">H8172</subfield>
    <subfield code="r">2013-03-08 00:00:00</subfield>
    <subfield code="w">2013-03-08</subfield>
    <subfield code="y">BK</subfield>
    <subfield code="z">Progressivo inserimento:  40506 /  N. Volumi: 1 Copie: 1  / data import: 1 marzo 2013 - By Epidotti, Trombetti, Vaglietti. </subfield>
  </datafield>
</record>
